| 000 | 00359nam a22001217a 4500 | ||
|---|---|---|---|
| 082 |
_a500 _bCBSE/S |
||
| 100 | _aCENTRAL BOARD OF SECONDARY EDUCATION | ||
| 245 |
_aSAMPLE QUESTION PAPERS IN MATH, PHY, CHEM, BIO, BIOTEC _bCLASS XII |
||
| 260 |
_aDELHI _bCBSE _c2009 |
||
| 300 | _a176 | ||
| 650 |
_aSCIENCE/MATH SAMPLE QUESTION PAPER FOR CLASS XII _zINDIA |
||
| 942 | _cBK | ||
| 999 |
_c707 _d707 |
||